000 00771cam a2200253 4500
001 2338
005 20181127164952.0
008 061114s2007 flu b 001 0deng
010 _a 2006038041
020 _a0151012709
020 _a9780151012701
043 _an-us-wy
100 1 _aKerasote, Ted.
245 1 0 _aMerle's door :
_blessons from a freethinking dog /
_cTed Kerasote.
250 _a1st ed.
260 _aOrlando :
_bHarcourt, Inc.,
_cc2007.
300 _a398 p. ;
_c24 cm.
504 _aIncludes bibliographical references and index.
600 1 0 _aKerasote, Ted.
650 0 _aDog owners
_zWyoming
_vAnecdotes.
650 0 _aDogs
_xBehavior
_zWyoming
_vAnecdotes.
650 0 _aDogs
_zWyoming
_vAnecdotes.
650 0 _aHuman-animal relationships
_vAnecdotes.
999 _c1865
_d1865